ბათუმის შოთა რუსთაველის სახელმწიფო უნივერსიტეტის ბიბლიოთეკა

ოპერაციული ოდონტოლოგია : (ბიბ.ჩანაწერი № 49209)

000 -ლიდერი
ფიქსირებული სიგრძის საკონტროლო ველი 01153nam a2200265Ia 4500
001 - საკონტროლო ნომერი
საკონტროლო ველი 16120
003 - საკონტროლო ნომრის იდენტიფიკატორი
საკონტროლო ველი GE_BSU
005 - ბოლო ოპერაციის თარიღი და დრო
საკონტროლო ველი 20241003140012.0
008 - ფიქსირებული სიგრძის მონაცემთა ელემენტები - ზოგადი ინფორმაცია
ფიქსირებული სიგრძის საკონტროლო ველი 181216s2011||||ge |||||||||||||| ||geo||
020 ## - წიგნის საერთაშორისო სტანდარტული ნომერი
International Standard Book Number 9789941028489
040 ## - კატალოგიზაციის წყარო
Transcribing agency GE_BSU
041 ## - ენის კოდი
Language code of text/sound track or separate title geo
080 ## - უნივერსალური ათობითი კლასიფიკაციის ინდექსი
Universal Decimal Classification number 616.314(075.8) მ-23
100 ## - მთავარი ჩანაწერი - პიროვნების სახელი
Personal name მამალაძე, მარინა.
9 (RLIN) 3459
245 ## - ცნობა სათაურის შესახებ
Title ოპერაციული ოდონტოლოგია :
Remainder of title ნაწ. 1 /
Statement of responsibility, etc მარინა მამალაძე, ნინო კორსანტია, ლია სანოძე.
264 ## - წარმოების, გამოცემის, დისტრიბუციის და სხვა ცნობები
გამოცემის, წარმოების, დისტრიბუციის... ადგილი თბილისი :
გამოცემის, წარმოების, დისტრიბუციის... სახელწოდება შპს "ფავორიტი პრინტი,
გამოცემის, წარმოების, დისტრიბუციის... თარიღი 2011.
300 ## - ფიზიკური აღწერა
Extent 311 გვ. :
Other physical details ილ. + 1 CD.
Dimensions 23 სმ.
500 ## - ზოგადი შენიშვნა
General note ბიბლიოგრაფია თავების ბოლოს.
653 ## - INDEX TERM--UNCONTROLLED
Uncontrolled term ოპერაციული ოდონტოლოგია
653 ## - INDEX TERM--UNCONTROLLED
Uncontrolled term მედიცინა
700 ## - ADDED ENTRY--PERSONAL NAME
Personal name კორსანტია, ნინო
Relator term ავტორი
9 (RLIN) 3460
700 ## - ADDED ENTRY--PERSONAL NAME
Personal name სანოძე, ლია
Relator term ავტორი
9 (RLIN) 10188
942 ## - ADDED ENTRY ELEMENTS (KOHA)
Koha item type წიგნი
Source of classification or shelving scheme
ეგზემპლარები
ჩამოწერის სტატუსი დაკარგული ეგზემპლარის სტატუსი კლასიფიკაციის წყარო ან თაროზე გაწყობის სქემა დაზიანების სტატუსი არ გაიცემა მუდმივი მდებარეობა (დაცვის ადგილი) ამჟამინდელი ადგილსამყოფელი თაროზე განთავსების ადგილი შეძენის თარიღი ღირებულება, შესყიდვის ნორმალური ფასი სრული შენახვის შიფრი შტრიხკოდი ბოლო ოპერაციის თარიღი ეგზემპლარის მიმდევრობითი ნომერი (კეტერი?) ფასის ძალაში შესვლის თარიღი ეგზემპლარის სახეობა საჯარო შენიშვნა
          ბათუმის შოთა რუსთაველის სახელმწიფო უნივერსიტეტის მთავარი ბიბლიოთეკა ბათუმის შოთა რუსთაველის სახელმწიფო უნივერსიტეტის მთავარი ბიბლიოთეკა წიგნსაცავი 2018-12-17 72.00 616.314(075.8) მ-23 39892 2018-12-17 39892 2018-12-17 წიგნი 72 ლ.
          ბათუმის შოთა რუსთაველის სახელმწიფო უნივერსიტეტის მთავარი ბიბლიოთეკა ბათუმის შოთა რუსთაველის სახელმწიფო უნივერსიტეტის მთავარი ბიბლიოთეკა წიგნსაცავი 2018-12-17 72.00 616.314(075.8) მ-23 39893 2018-12-17 39893 2018-12-17 წიგნი 72 ლ.
          ბათუმის შოთა რუსთაველის სახელმწიფო უნივერსიტეტის მთავარი ბიბლიოთეკა ბათუმის შოთა რუსთაველის სახელმწიფო უნივერსიტეტის მთავარი ბიბლიოთეკა წიგნსაცავი 2018-12-17 72.00 616.314(075.8) მ-23 39894 2018-12-17 39894 2018-12-17 წიგნი 72 ლ.
          ბათუმის შოთა რუსთაველის სახელმწიფო უნივერსიტეტის მთავარი ბიბლიოთეკა ბათუმის შოთა რუსთაველის სახელმწიფო უნივერსიტეტის მთავარი ბიბლიოთეკა წიგნსაცავი 2018-12-17 72.00 616.314(075.8) მ-23 39895 2018-12-17 39895 2018-12-17 წიგნი 72 ლ.
          ბათუმის შოთა რუსთაველის სახელმწიფო უნივერსიტეტის მთავარი ბიბლიოთეკა ბათუმის შოთა რუსთაველის სახელმწიფო უნივერსიტეტის მთავარი ბიბლიოთეკა წიგნსაცავი 2018-12-17 72.00 616.314(075.8) მ-23 39896 2018-12-17 39896 2018-12-17 წიგნი 72 ლ.